<?xml version="1.0" encoding="UTF-8"?>
<record
    xmlns:xsi="http://www.w3.org/2001/XMLSchema-instance"
    xsi:schemaLocation="http://www.loc.gov/MARC21/slim http://www.loc.gov/standards/marcxml/schema/MARC21slim.xsd"
    xmlns="http://www.loc.gov/MARC21/slim">

  <leader>01561nam a2200337Ia 4500</leader>
  <controlfield tag="005">20220317000648.0</controlfield>
  <controlfield tag="008">160601s2003    ck a   g      000 0 spa  </controlfield>
  <datafield tag="020" ind1=" " ind2=" ">
    <subfield code="a">9588159758</subfield>
  </datafield>
  <datafield tag="082" ind1="0" ind2="4">
    <subfield code="a">920.9861 </subfield>
    <subfield code="b">C64p</subfield>
  </datafield>
  <datafield tag="110" ind1="1" ind2=" ">
    <subfield code="a">Colombia. Ministerio de Cultura</subfield>
    <subfield code="9">52092</subfield>
  </datafield>
  <datafield tag="245" ind1="1" ind2="0">
    <subfield code="a">Premio Nacional Vida y Obra 2002 </subfield>
    <subfield code="c">Ministerio de Cultura</subfield>
  </datafield>
  <datafield tag="250" ind1=" " ind2=" ">
    <subfield code="a">1a. edici&#xF3;n </subfield>
  </datafield>
  <datafield tag="300" ind1=" " ind2=" ">
    <subfield code="a">293 p&#xE1;ginas </subfield>
    <subfield code="b">ilustraciones </subfield>
    <subfield code="c">28 cm </subfield>
  </datafield>
  <datafield tag="505" ind1=" " ind2=" ">
    <subfield code="a">Guillermo Abad&#xED;a Morales: El quijote del folklore colombiano / por Ilse De Greiff -- Jos&#xE9; Barros: El pescador de melod&#xED;as / por Mariano Candela -- Leandro D&#xED;az: El cantor de Altopino / por Julio C&#xE9;sar O&#xF1;ate Ma</subfield>
  </datafield>
  <datafield tag="600" ind1="1" ind2="4">
    <subfield code="a">Abad&#xED;a Morales, Guillermo</subfield>
    <subfield code="d">1912-2010</subfield>
    <subfield code="9">52093</subfield>
  </datafield>
  <datafield tag="600" ind1="1" ind2="4">
    <subfield code="a">Barros, Jos&#xE9;</subfield>
    <subfield code="d">1915-2007</subfield>
    <subfield code="9">52094</subfield>
  </datafield>
  <datafield tag="600" ind1="1" ind2="4">
    <subfield code="a">D&#xED;az, Leandro</subfield>
    <subfield code="d">1928-</subfield>
    <subfield code="9">52095</subfield>
  </datafield>
  <datafield tag="600" ind1="1" ind2="4">
    <subfield code="a">Duss&#xE1;n de Reichel-Dolmatoff, Alicia</subfield>
    <subfield code="9">52096</subfield>
  </datafield>
  <datafield tag="600" ind1="1" ind2="4">
    <subfield code="a">L&#xF3;pez Mesa, Nereo</subfield>
    <subfield code="d">1920-2015</subfield>
    <subfield code="9">52097</subfield>
  </datafield>
  <datafield tag="600" ind1="1" ind2="4">
    <subfield code="a">Zapata Olivella, Manuel</subfield>
    <subfield code="d">1920-2004</subfield>
    <subfield code="9">22981</subfield>
  </datafield>
  <datafield tag="650" ind1=" " ind2=" ">
    <subfield code="2">LEMB</subfield>
  </datafield>
  <datafield tag="700" ind1="1" ind2=" ">
    <subfield code="a">Grosch Obreg&#xF3;n, Tatiana</subfield>
    <subfield code="9">52098</subfield>
  </datafield>
  <datafield tag="700" ind1="1" ind2=" ">
    <subfield code="a">Torres, Patricia</subfield>
    <subfield code="e">editor </subfield>
    <subfield code="9">52099</subfield>
  </datafield>
  <datafield tag="740" ind1=" " ind2=" ">
    <subfield code="a">Guillermo Abad&#xED;a Morales: El quijote del folklore colombiano;\\</subfield>
    <subfield code="a">Alicia Dussan de Reichel: Pionera de la antropolog&#xED;a y la arqueolog&#xED;a en Colombia;\\</subfield>
    <subfield code="a">Jos&#xE9; Barros: El pescador de melod&#xED;as;\\</subfield>
    <subfield code="a">Leandro D&#xED;az: El </subfield>
  </datafield>
  <datafield tag="942" ind1=" " ind2=" ">
    <subfield code="2">ddc</subfield>
    <subfield code="c">BK</subfield>
  </datafield>
  <datafield tag="264" ind1=" " ind2=" ">
    <subfield code="a">Bogot&#xE1; </subfield>
    <subfield code="b">Ministerio de Cultura</subfield>
    <subfield code="c">2003</subfield>
  </datafield>
  <datafield tag="336" ind1=" " ind2=" ">
    <subfield code="a">texto</subfield>
    <subfield code="b">txt</subfield>
    <subfield code="2">rdacontent</subfield>
  </datafield>
  <datafield tag="337" ind1=" " ind2=" ">
    <subfield code="a">sin mediaci&#xF3;n</subfield>
    <subfield code="b">n</subfield>
    <subfield code="2">rdamedia</subfield>
  </datafield>
  <datafield tag="338" ind1=" " ind2=" ">
    <subfield code="a">volumen</subfield>
    <subfield code="b">nc</subfield>
    <subfield code="2">rdacarrier</subfield>
  </datafield>
  <datafield tag="040" ind1=" " ind2=" ">
    <subfield code="a">CO-BoRNBP</subfield>
    <subfield code="b">spa</subfield>
    <subfield code="e">rda</subfield>
    <subfield code="c">CO-BoRNBP</subfield>
  </datafield>
  <datafield tag="999" ind1=" " ind2=" ">
    <subfield code="c">4699</subfield>
    <subfield code="d">4699</subfield>
  </datafield>
</record>
